000 00667nam a22002177a 4500
003 OSt
005 20251204083452.0
008 251204b |||||||| |||| 00| 0 eng d
020 _a0-495-09190-1.
040 _aDWCL-Main lib
_cOC
082 _24th ed.
_aGR. 371.102 C532l 2007
100 _aChiarelott, Leigh
245 _aLenses on teaching :
_bdeveloping perspectives on classroom life
_cChiarelott, Leigh
260 _aUSA :
_bThomson Higher Education,
_cc2007.
300 _axiv, 239 pages ;
_c25 cm.
650 _21. Teachers-Training.
650 _22. Teaching.
700 _aDavidman, Leonard
710 _aRyan, Kevin
942 _2ddc
_cGR
_e4th ed.
_kGR.
_n0
999 _c6878
_d6878